00296nam a2200121Ia 4500008004100000100001900041245004900060260001900109300001000128650001400138942000700152999001500159190216s9999||||xx |||||||||||||| ||und|| aArthur I Vogel 0aText Book Of Quantitative Inorganic Analysis bLongmansc1961 a1214p aChemistry cBK c1953d1953